<?xml version="1.0" encoding="UTF-8"?>
<record
    xmlns:xsi="http://www.w3.org/2001/XMLSchema-instance"
    xsi:schemaLocation="http://www.loc.gov/MARC21/slim http://www.loc.gov/standards/marcxml/schema/MARC21slim.xsd"
    xmlns="http://www.loc.gov/MARC21/slim">

  <leader>02886    a2200301   4500</leader>
  <controlfield tag="003">NALT</controlfield>
  <controlfield tag="005">20250912092429.0</controlfield>
  <controlfield tag="008">250613b        th ||||| |||| 00| 0 tha d</controlfield>
  <datafield tag="020" ind1=" " ind2=" ">
    <subfield code="a">9789740342847</subfield>
  </datafield>
  <datafield tag="040" ind1=" " ind2=" ">
    <subfield code="a">NALT </subfield>
  </datafield>
  <datafield tag="050" ind1=" " ind2=" ">
    <subfield code="a">JC 348</subfield>
    <subfield code="b">&#xE0A;912&#xE01; 2567</subfield>
  </datafield>
  <datafield tag="100" ind1="0" ind2=" ">
    <subfield code="a">&#xE44;&#xE0A;&#xE22;&#xE27;&#xE31;&#xE12;&#xE19;&#xE4C; &#xE04;&#xE49;&#xE33;&#xE0A;&#xE39;.</subfield>
    <subfield code="9">36921</subfield>
  </datafield>
  <datafield tag="245" ind1="1" ind2="0">
    <subfield code="a">&#xE01;&#xE32;&#xE23;&#xE40;&#xE21;&#xE37;&#xE2D;&#xE07;&#xE40;&#xE1B;&#xE23;&#xE35;&#xE22;&#xE1A;&#xE40;&#xE17;&#xE35;&#xE22;&#xE1A; : &#xE17;&#xE24;&#xE29;&#xE0E;&#xE35; &#xE41;&#xE19;&#xE27;&#xE04;&#xE34;&#xE14; &#xE41;&#xE25;&#xE30;&#xE01;&#xE23;&#xE13;&#xE35;&#xE28;&#xE36;&#xE01;&#xE29;&#xE32; = </subfield>
    <subfield code="b">Comparative politics: theories, concepts &amp; case studies /</subfield>
    <subfield code="c">&#xE44;&#xE0A;&#xE22;&#xE27;&#xE31;&#xE12;&#xE19;&#xE4C; &#xE04;&#xE49;&#xE33;&#xE0A;&#xE39;, &#xE19;&#xE34;&#xE18;&#xE34; &#xE40;&#xE19;&#xE37;&#xE48;&#xE2D;&#xE07;&#xE08;&#xE33;&#xE19;&#xE07;&#xE04;&#xE4C;.</subfield>
  </datafield>
  <datafield tag="246" ind1="3" ind2="1">
    <subfield code="a">Comparative politics : </subfield>
    <subfield code="b">theories, concepts &amp; case studies.</subfield>
  </datafield>
  <datafield tag="250" ind1=" " ind2=" ">
    <subfield code="a">&#xE1E;&#xE34;&#xE21;&#xE1E;&#xE4C;&#xE04;&#xE23;&#xE31;&#xE49;&#xE07;&#xE17;&#xE35;&#xE48; 2 (&#xE09;&#xE1A;&#xE31;&#xE1A;&#xE1B;&#xE23;&#xE31;&#xE1A;&#xE1B;&#xE23;&#xE38;&#xE07;&#xE40;&#xE1E;&#xE34;&#xE48;&#xE21;&#xE40;&#xE15;&#xE34;&#xE21;).</subfield>
  </datafield>
  <datafield tag="260" ind1=" " ind2=" ">
    <subfield code="a">&#xE01;&#xE23;&#xE38;&#xE07;&#xE40;&#xE17;&#xE1E;&#xE2F; :</subfield>
    <subfield code="b">&#xE2A;&#xE33;&#xE19;&#xE31;&#xE01;&#xE1E;&#xE34;&#xE21;&#xE1E;&#xE4C;&#xE08;&#xE38;&#xE2C;&#xE32;&#xE25;&#xE07;&#xE01;&#xE23;&#xE13;&#xE4C;&#xE21;&#xE2B;&#xE32;&#xE27;&#xE34;&#xE17;&#xE22;&#xE32;&#xE25;&#xE31;&#xE22;,</subfield>
    <subfield code="c">2567.</subfield>
  </datafield>
  <datafield tag="300" ind1=" " ind2=" ">
    <subfield code="a">817 &#xE2B;&#xE19;&#xE49;&#xE32; :</subfield>
    <subfield code="b">&#xE20;&#xE32;&#xE1E;&#xE1B;&#xE23;&#xE30;&#xE01;&#xE2D;&#xE1A;, &#xE15;&#xE32;&#xE23;&#xE32;&#xE07; ;</subfield>
    <subfield code="c">21 &#xE0B;&#xE21;.</subfield>
  </datafield>
  <datafield tag="505" ind1="2" ind2=" ">
    <subfield code="a">&#xE1A;&#xE17;&#xE17;&#xE35;&#xE48; 1 &#xE1E;&#xE31;&#xE12;&#xE19;&#xE32;&#xE01;&#xE32;&#xE23;&#xE02;&#xE2D;&#xE07;&#xE01;&#xE32;&#xE23;&#xE40;&#xE21;&#xE37;&#xE2D;&#xE07;&#xE40;&#xE1B;&#xE23;&#xE35;&#xE22;&#xE1A;&#xE40;&#xE17;&#xE35;&#xE22;&#xE1A; -- &#xE1A;&#xE17;&#xE17;&#xE35;&#xE48; 2 &#xE41;&#xE19;&#xE27;&#xE17;&#xE32;&#xE07;&#xE43;&#xE19;&#xE01;&#xE32;&#xE23;&#xE28;&#xE36;&#xE01;&#xE29;&#xE32;&#xE01;&#xE32;&#xE23;&#xE40;&#xE21;&#xE37;&#xE2D;&#xE07;&#xE40;&#xE1B;&#xE23;&#xE35;&#xE22;&#xE1A;&#xE40;&#xE17;&#xE35;&#xE22;&#xE1A; -- &#xE1A;&#xE17;&#xE17;&#xE35;&#xE48; 3 &#xE1B;&#xE23;&#xE30;&#xE0A;&#xE32;&#xE18;&#xE34;&#xE1B;&#xE44;&#xE15;&#xE22;&#xE40;&#xE1B;&#xE23;&#xE35;&#xE22;&#xE1A;&#xE40;&#xE17;&#xE35;&#xE22;&#xE1A; -- &#xE1A;&#xE17;&#xE17;&#xE35;&#xE48; 4 &#xE23;&#xE30;&#xE1A;&#xE1A;&#xE01;&#xE32;&#xE23;&#xE40;&#xE25;&#xE37;&#xE2D;&#xE01;&#xE15;&#xE31;&#xE49;&#xE07;&#xE41;&#xE25;&#xE30;&#xE23;&#xE30;&#xE1A;&#xE1A;&#xE1E;&#xE23;&#xE23;&#xE04;&#xE01;&#xE32;&#xE23;&#xE40;&#xE21;&#xE37;&#xE2D;&#xE07;&#xE40;&#xE1B;&#xE23;&#xE35;&#xE22;&#xE1A;&#xE40;&#xE17;&#xE35;&#xE22;&#xE1A; -- &#xE1A;&#xE17;&#xE17;&#xE35;&#xE48; 5 &#xE15;&#xE31;&#xE27;&#xE41;&#xE2A;&#xE14;&#xE07;&#xE17;&#xE32;&#xE07;&#xE2A;&#xE31;&#xE07;&#xE04;&#xE21; -- &#xE1A;&#xE17;&#xE17;&#xE35;&#xE48; 6 &#xE01;&#xE32;&#xE23;&#xE1E;&#xE31;&#xE12;&#xE19;&#xE32;&#xE40;&#xE28;&#xE23;&#xE29;&#xE10;&#xE01;&#xE34;&#xE08;&#xE41;&#xE25;&#xE30;&#xE23;&#xE30;&#xE1A;&#xE1A;&#xE40;&#xE28;&#xE23;&#xE29;&#xE10;&#xE01;&#xE34;&#xE08;&#xE01;&#xE32;&#xE23;&#xE40;&#xE21;&#xE37;&#xE2D;&#xE07;&#xE40;&#xE1B;&#xE23;&#xE35;&#xE22;&#xE1A;&#xE40;&#xE17;&#xE35;&#xE22;&#xE1A; -- &#xE1A;&#xE17;&#xE17;&#xE35;&#xE48; 7 &#xE01;&#xE32;&#xE23;&#xE40;&#xE21;&#xE37;&#xE2D;&#xE07;&#xE27;&#xE48;&#xE32;&#xE14;&#xE49;&#xE27;&#xE22;&#xE40;&#xE23;&#xE37;&#xE48;&#xE2D;&#xE07;&#xE02;&#xE2D;&#xE07;&#xE04;&#xE27;&#xE32;&#xE21;&#xE02;&#xE31;&#xE14;&#xE41;&#xE22;&#xE49;&#xE07; -- &#xE1A;&#xE17;&#xE17;&#xE35;&#xE48; 8 &#xE1B;&#xE23;&#xE30;&#xE0A;&#xE32;&#xE18;&#xE34;&#xE1B;&#xE44;&#xE15;&#xE22;&#xE40;&#xE1B;&#xE23;&#xE35;&#xE22;&#xE1A;&#xE40;&#xE17;&#xE35;&#xE22;&#xE1A; : &#xE01;&#xE23;&#xE13;&#xE35;&#xE28;&#xE36;&#xE01;&#xE29;&#xE32;&#xE01;&#xE32;&#xE23;&#xE40;&#xE1B;&#xE25;&#xE35;&#xE48;&#xE22;&#xE19;&#xE1C;&#xE48;&#xE32;&#xE19;&#xE41;&#xE25;&#xE30;&#xE01;&#xE32;&#xE23;&#xE2A;&#xE23;&#xE49;&#xE32;&#xE07;&#xE04;&#xE27;&#xE32;&#xE21;&#xE21;&#xE31;&#xE48;&#xE19;&#xE04;&#xE07;&#xE41;&#xE25;&#xE30;&#xE22;&#xE31;&#xE48;&#xE07;&#xE22;&#xE37;&#xE19;&#xE43;&#xE2B;&#xE49;&#xE01;&#xE31;&#xE1A;&#xE1B;&#xE23;&#xE30;&#xE0A;&#xE32;&#xE18;&#xE34;&#xE1B;&#xE44;&#xE15;&#xE22;&#xE43;&#xE19;&#xE40;&#xE01;&#xE32;&#xE2B;&#xE25;&#xE35;&#xE43;&#xE15;&#xE49; &#xE2D;&#xE34;&#xE19;&#xE42;&#xE14;&#xE19;&#xE35;&#xE40;&#xE0B;&#xE35;&#xE22; &#xE2D;&#xE34;&#xE19;&#xE40;&#xE14;&#xE35;&#xE22; &#xE0D;&#xE35;&#xE48;&#xE1B;&#xE38;&#xE48;&#xE19; &#xE41;&#xE25;&#xE30;&#xE44;&#xE17;&#xE22;.</subfield>
  </datafield>
  <datafield tag="650" ind1=" " ind2="4">
    <subfield code="a">&#xE01;&#xE32;&#xE23;&#xE1B;&#xE01;&#xE04;&#xE23;&#xE2D;&#xE07;&#xE40;&#xE1B;&#xE23;&#xE35;&#xE22;&#xE1A;&#xE40;&#xE17;&#xE35;&#xE22;&#xE1A;</subfield>
    <subfield code="9">26006</subfield>
  </datafield>
  <datafield tag="650" ind1=" " ind2="4">
    <subfield code="a">&#xE1B;&#xE23;&#xE30;&#xE0A;&#xE32;&#xE18;&#xE34;&#xE1B;&#xE44;&#xE15;&#xE22;</subfield>
    <subfield code="9">2054</subfield>
  </datafield>
  <datafield tag="650" ind1=" " ind2="4">
    <subfield code="a">&#xE01;&#xE32;&#xE23;&#xE40;&#xE21;&#xE37;&#xE2D;&#xE07;&#xE40;&#xE1B;&#xE23;&#xE35;&#xE22;&#xE1A;&#xE40;&#xE17;&#xE35;&#xE22;&#xE1A;</subfield>
    <subfield code="9">30561</subfield>
  </datafield>
  <datafield tag="700" ind1="0" ind2=" ">
    <subfield code="a">&#xE19;&#xE34;&#xE18;&#xE34; &#xE40;&#xE19;&#xE37;&#xE48;&#xE2D;&#xE07;&#xE08;&#xE33;&#xE19;&#xE07;&#xE04;&#xE4C;</subfield>
    <subfield code="9">36922</subfield>
  </datafield>
  <datafield tag="942" ind1=" " ind2=" ">
    <subfield code="c">GB</subfield>
    <subfield code="2">lcc</subfield>
  </datafield>
  <datafield tag="996" ind1=" " ind2=" ">
    <subfield code="a">jidapa.t</subfield>
    <subfield code="b">LIBSTF</subfield>
    <subfield code="c">2025-06-13</subfield>
  </datafield>
  <datafield tag="996" ind1=" " ind2=" ">
    <subfield code="a">varee.k</subfield>
    <subfield code="b">LIBSTF</subfield>
    <subfield code="c">2025-06-13</subfield>
  </datafield>
  <datafield tag="996" ind1=" " ind2=" ">
    <subfield code="a">saiphon.d</subfield>
    <subfield code="b">CATSTF	</subfield>
    <subfield code="c">2025-06-16</subfield>
  </datafield>
  <datafield tag="999" ind1=" " ind2=" ">
    <subfield code="c">106717</subfield>
    <subfield code="d">106717</subfield>
  </datafield>
  <datafield tag="998" ind1=" " ind2=" ">
    <subfield code="j">1020</subfield>
    <subfield code="k"> &#xE19;&#xE32;&#xE07;&#xE08;&#xE33;&#xE40;&#xE23;&#xE35;&#xE22;&#xE07;  &#xE23;&#xE30;&#xE27;&#xE31;&#xE07;&#xE2A;&#xE33;&#xE42;&#xE23;&#xE07;</subfield>
  </datafield>
  <datafield tag="952" ind1=" " ind2=" ">
    <subfield code="0">0</subfield>
    <subfield code="1">0</subfield>
    <subfield code="2">lcc</subfield>
    <subfield code="4">0</subfield>
    <subfield code="7">0</subfield>
    <subfield code="8">CGBL</subfield>
    <subfield code="a">NALT</subfield>
    <subfield code="b">NALT</subfield>
    <subfield code="c">GEN</subfield>
    <subfield code="d">2025-06-05</subfield>
    <subfield code="e">192</subfield>
    <subfield code="l">0</subfield>
    <subfield code="o">JC 348 &#xE0A;912&#xE01; 2567</subfield>
    <subfield code="p">3961215255</subfield>
    <subfield code="r">2025-06-05 00:00:00</subfield>
    <subfield code="w">2025-06-05</subfield>
    <subfield code="y">GB</subfield>
  </datafield>
</record>
